Progress at Mungwi = (Record no. 153756)
[ view plain ]
| 000 -LEADER | |
|---|---|
| fixed length control field | 00616cam3a220020500 4500 |
| 001 - CONTROL NUMBER | |
| control field | tmp15775558 |
| 003 - CONTROL NUMBER IDENTIFIER | |
| control field | UPRA |
| 005 - DATE AND TIME OF LATEST TRANSACTION | |
| control field | 20190823112810.0 |
| 008 - FIXED-LENGTH DATA ELEMENTS--GENERAL INFORMATION | |
| fixed length control field | 951025s1959 za f eng u |
| 035 ## - SYSTEM CONTROL NUMBER | |
| System control number | (Sirsi) r44889 |
| 035 ## - SYSTEM CONTROL NUMBER | |
| System control number | (UPRA)tmp15775558 |
| 040 ## - CATALOGING SOURCE | |
| Transcribing agency | UPRA |
| 041 1# - LANGUAGE CODE | |
| Language code of text/sound track or separate title | engund und |
| Language code of original | engund und |
| 110 1# - MAIN ENTRY--CORPORATE NAME | |
| Subordinate unit | Development Commissioner c8.1..20.8 |
| Linkage | A2457.1 |
| 245 10 - TITLE STATEMENT | |
| Title | Progress at Mungwi = |
| Remainder of title | Ubuyantanshi ku Mungwi. |
| 260 ## - PUBLICATION, DISTRIBUTION, ETC. | |
| Place of publication, distribution, etc. | Ndola : |
| Name of publisher, distributor, etc. | Rhodesian Printers, |
| Date of publication, distribution, etc. | [1959?] |
| 651 #0 - SUBJECT ADDED ENTRY--GEOGRAPHIC NAME | |
| Geographic name | Mungwi, Zambia (Northern province) |
| Linkage | S1671.1 |
| 949 ## - LOCAL PROCESSING INFORMATION (OCLC) | |
| a | (O2) 1959/12 |
| w | lcc |
| m | MAIN |
| t | BOOK |
| l | ON-SHELF |
No items available.